01336 a2200265 4500003000500000005001700005010001600022020001500038020002200053040000900075082001200084100002600096245017900122260005000301300002900351440003000380505044000410538002900850610005400879610004600933651002200979700001401001700002801015740002701043Nust20170207153424.0 a 83025348 a0822305828 a082230600X (pbk.) cNust00a355.0311 aMellenthin, F. W. von10aNATO under attack :bwhy the Western Alliance can fight outnumbered and win in Central Europe without nuclear weapons /cF.W. von Mellenthin and R.H.S. Stolfi, with E. Sobik. aDurham, N.C. :bDuke University Press,c1984. a161 p. :bill. ;c24 cm. 0aDuke Press policy studies aHistorical Perspective on the Military Balance in Central Europe Today (Page-9), The search of Realistic Military Balance in Peacetime (Page-23), Command Style in the Second World War (Page-41), Weakness of the Soviet Armed Forces (Page-75), The Soviet Soldier Historical Conditioning and Current Relates (Page-97), Ramification of the Potential Conventional (Page-119), A Case for Optimism towards the Defiance of the West (Page-139), aAlmirah No.53 Shelf No.520aNorth Atlantic Treaty OrganizationxArmed Forces.20aWarsaw Treaty OrganizationxArmed Forces. 0aEuropexDefenses.1 aSobik, E.1 aStolfi, R. H. S.d1932-0 aN.A.T.O. under attack.